[Event "SVK-chT2C 1920"]
[Site "Slovakia"]
[Date "2019.10.27"]
[Round "2.6"]
[White "Druska, Robert"]
[Black "Murin, Pavol"]
[Result "0-1"]
[WhiteElo "1882"]
[BlackElo "1988"]
[PlyCount "68"]
[EventDate "2019.10.26"]
[EventType "team-tourn"]
[EventRounds "11"]
[EventCountry "SVK"]
[SourceTitle "CBM 193 Extra"]
[Source "ChessBase"]
[SourceDate "2020.01.31"]
[SourceVersion "1"]
[SourceVersionDate "2020.01.31"]
[SourceQuality "1"]
[WhiteTeam "Ruzomberok Montana"]
[BlackTeam "Bziny"]
[WhiteTeamCountry "SVK"]
[BlackTeamCountry "SVK"]

1. e4 d6 2. d4 Nf6 3. Nc3 g6 4. Be3 Bg7 5. Bd3 Nbd7 6. Nge2 c6 7. Qd2 Ng4 8. Bg5 h6 9. Bh4 Qb6 10. 0-0-0 a5 11. Qf4 Ngf6 12. e5 g5 13. Qg3 dxe5 14. dxe5 Nd5 15. Nxd5 cxd5 16. f4 Kf8 17. Bxg5 hxg5 18. Rhf1 gxf4 19. Nxf4 Nxe5 20. Nxd5 Nxd3+ 21. Rxd3 Qxb2+ 22. Kd1 Qa1+ 23. Ke2 Qe5+ 24. Ne3 Be6 25. Qf3 Re8 26. Kd2 Bh6 27. Re1 b5 28. Kd1 Qa1+ 29. Ke2 Qxa2 30. Qc6 Bxe3 31. Kxe3 Qc4 32. Qb6 Rh4 33. Kd2 Qb4+ 34. Kd1 Bg4+ 0-1

[Event "SVK-chT1E 1617"]
[Site "Slovakia"]
[Date "2017.03.18"]
[Round "10.3"]
[White "Ondo, Radoslav"]
[Black "Druska, Robert"]
[Result "1-0"]
[WhiteElo "2053"]
[BlackElo "1850"]
[PlyCount "33"]
[EventDate "2016.10.15"]
[EventType "team-tourn"]
[EventRounds "11"]
[EventCountry "SVK"]
[SourceTitle "EXT 2019"]
[Source "ChessBase"]
[SourceDate "2018.10.10"]
[SourceVersion "1"]
[SourceVersionDate "2018.10.10"]
[SourceQuality "1"]
[WhiteTeam "Michalovce Zemplin"]
[BlackTeam "Liptovska Stiavnica"]
[WhiteTeamCountry "SVK"]
[BlackTeamCountry "SVK"]

1. e4 c5 2. c4 Nc6 3. Nc3 g6 4. g3 Bg7 5. Bg2 Nf6 6. h3 0-0 7. d3 e6 8. Be3 b6 9. f4 Nh5 10. Nge2 Nd4 11. g4 Bf6 12. gxh5 Bh4+ 13. Kd2 Nc6 14. Ng1 d5 15. cxd5 Na5 16. Nf3 Bf6 17. Ne5 1-0

[Event "SVK-chT1E 1617"]
[Site "Slovakia"]
[Date "2016.11.19"]
[Round "3.3"]
[White "Druska, Robert"]
[Black "Zvarik, Martin"]
[Result "0-1"]
[WhiteElo "1904"]
[BlackElo "2268"]
[PlyCount "62"]
[EventDate "2016.10.15"]
[EventType "team-tourn"]
[EventRounds "11"]
[EventCountry "SVK"]
[SourceTitle "EXT 2018"]
[Source "ChessBase"]
[SourceDate "2017.10.13"]
[SourceVersion "1"]
[SourceVersionDate "2017.10.13"]
[SourceQuality "1"]
[WhiteTeam "Liptovska Stiavnica"]
[BlackTeam "Zilina Mladost"]
[WhiteTeamCountry "SVK"]
[BlackTeamCountry "SVK"]

1. e4 d6 2. d4 Nf6 3. Nc3 e5 4. dxe5 dxe5 5. Qxd8+ Kxd8 6. Bg5 Nbd7 7. 0-0-0 Be7 8. f4 Ng4 9. Nh3 c6 10. Rd2 f6 11. Bh4 Ke8 12. Be2 h5 13. Bg3 g6 14. Bxg4 hxg4 15. Nf2 exf4 16. Bxf4 Ne5 17. Ncd1 Nc4 18. Rd3 Be6 19. Ne3 Nxe3 20. Bxe3 Kf7 21. Bf4 Bc5 22. Rd2 g5 23. Nd3 Bb6 24. Bd6 Be3 25. Re1 Bxd2+ 26. Kxd2 Rae8 27. Rf1 Kg6 28. Ke3 Bd5 29. e5 f5 30. Rf2 Rxh2 31. Nc5 f4+ 0-1

[Event "Oravska Priehrada op"]
[Site "Oravska Priehrada"]
[Date "2016.08.28"]
[Round "5"]
[White "Zborek, Antoni"]
[Black "Druska, Robert"]
[Result "0-1"]
[WhiteElo "1616"]
[BlackElo "1921"]
[PlyCount "58"]
[EventDate "2016.08.26"]
[EventType "swiss"]
[EventRounds "7"]
[EventCountry "SVK"]
[SourceTitle "CBM 174 Extra"]
[Source "ChessBase"]
[SourceDate "2016.10.10"]
[SourceVersion "1"]
[SourceVersionDate "2016.10.10"]
[SourceQuality "1"]

1. d4 d5 2. c4 e5 3. e3 exd4 4. Qxd4 Nc6 5. Qd1 Nf6 6. Nc3 Be6 7. cxd5 Nxd5 8. Bd2 Bc5 9. a3 Qe7 10. Bb5 0-0 11. Nge2 Ne5 12. 0-0 Rad8 13. Qc2 c6 14. Nxd5 Bxd5 15. b4 Bd6 16. Ba4 Qh4 17. f4 Nc4 18. Bc1 Rfe8 19. Qc3 Re6 20. Bc2 Rde8 21. Rf2 Nxe3 22. Bxe3 Rxe3 23. Qd2 Bc7 24. g3 Qg4 25. Nc3 Rxg3+ 26. hxg3 Qxg3+ 27. Rg2 Bb6+ 28. Kf1 Qf3+ 29. Rf2 Qh1# 0-1

[Event "SVK-ch U18/20"]
[Site "Liptovsky Mikulas"]
[Date "2016.04.21"]
[Round "7"]
[White "Molnar, Erno"]
[Black "Druska, Robert"]
[Result "1-0"]
[WhiteElo "2162"]
[BlackElo "1939"]
[PlyCount "73"]
[EventDate "2016.04.16"]
[EventType "swiss"]
[EventRounds "9"]
[EventCountry "SVK"]
[SourceTitle "CBM 172 Extra"]
[Source "ChessBase"]
[SourceDate "2016.06.21"]
[SourceVersion "1"]
[SourceVersionDate "2016.06.21"]
[SourceQuality "1"]

1. e4 c5 2. Nf3 Nc6 3. d4 cxd4 4. Nxd4 g6 5. Nc3 Bg7 6. Be3 Nf6 7. Bc4 0-0 8. Bb3 a5 9. 0-0 a4 10. Nxa4 Nxe4 11. Nb5 d6 12. Qe2 Rxa4 13. Bxa4 Qa5 14. Bb3 Bxb2 15. Bh6 Bg7 16. Bxg7 Kxg7 17. Qxe4 Qxb5 18. Bd5 e6 19. Bxc6 bxc6 20. Qd4+ Kg8 21. Qxd6 Qa4 22. c3 Ba6 23. Rfb1 Bb5 24. Qb4 Qc2 25. a4 Be2 26. Rb2 Qd3 27. Qd4 Ra8 28. Qxd3 Bxd3 29. Rb6 Bb5 30. a5 Ra7 31. f3 Kg7 32. Kf2 Kf6 33. a6 Bc4 34. Ra4 Bb5 35. Ra5 h5 36. Rb7 Rxa6 37. Rbxb5 1-0

[Event "SVK-ch U18/20"]
[Site "Liptovsky Mikulas"]
[Date "2016.04.20"]
[Round "6"]
[White "Druska, Robert"]
[Black "Chovan, Milan"]
[Result "1-0"]
[WhiteElo "1939"]
[BlackElo "2260"]
[PlyCount "63"]
[EventDate "2016.04.16"]
[EventType "swiss"]
[EventRounds "9"]
[EventCountry "SVK"]
[SourceTitle "CBM 172 Extra"]
[Source "ChessBase"]
[SourceDate "2016.06.21"]
[SourceVersion "1"]
[SourceVersionDate "2016.06.21"]
[SourceQuality "1"]

1. f4 d5 2. Nf3 g6 3. d4 Bg7 4. e3 Nf6 5. c4 0-0 6. Nc3 c5 7. dxc5 Qa5 8. Bd2 Qxc5 9. Rc1 dxc4 10. Na4 Qf5 11. Nd4 Qd5 12. Nc3 Qc5 13. Ncb5 Na6 14. Bxc4 Qb6 15. 0-0 Ne4 16. Be1 Bd7 17. Qf3 Nf6 18. f5 Rac8 19. b3 Nc5 20. Nc3 Be8 21. Bf2 Nfd7 22. Nd5 Qd8 23. fxg6 hxg6 24. b4 Ne5 25. Qh3 Ncd3 26. Qxc8 Qxc8 27. Nxe7+ Kh7 28. Nxc8 Nxc1 29. Rxc1 Ba4 30. Nd6 Rd8 31. Nxf7 Rc8 32. Nxe5 1-0

[Event "SVK-ch U18/20"]
[Site "Liptovsky Mikulas"]
[Date "2016.04.17"]
[Round "2"]
[White "Druska, Robert"]
[Black "Kamas, Samuel"]
[Result "0-1"]
[WhiteElo "1939"]
[BlackElo "1762"]
[PlyCount "70"]
[EventDate "2016.04.16"]
[EventType "swiss"]
[EventRounds "9"]
[EventCountry "SVK"]
[SourceTitle "CBM 172 Extra"]
[Source "ChessBase"]
[SourceDate "2016.06.21"]
[SourceVersion "1"]
[SourceVersionDate "2016.06.21"]
[SourceQuality "1"]

1. e4 e5 2. Nf3 Nc6 3. Bc4 Bc5 4. 0-0 d6 5. c3 Nf6 6. d4 Bb6 7. dxe5 Nxe5 8. Nxe5 dxe5 9. Qxd8+ Kxd8 10. Bg5 Ke7 11. Na3 a6 12. Rfe1 Be6 13. Kf1 Bc5 14. b4 Bd6 15. f4 a5 16. Bxe6 axb4 17. Bxf7 Rxa3 18. Bb3 Ra5 19. cxb4 Bxb4 20. Rec1 Bd6 21. f5 h6 22. Bh4 Rf8 23. Rc3 Ke8 24. Re3 g5 25. Be1 Ra8 26. h3 Ke7 27. Bc3 Nd7 28. Rc1 Nc5 29. Bc4 Ra4 30. Bb2 c6 31. a3 b5 32. Ba2 b4 33. Bxe5 Bxe5 34. Rxc5 Bd4 35. f6+ Rxf6+ 0-1

[Event "SVK-ch U18/20"]
[Site "Liptovsky Mikulas"]
[Date "2016.04.16"]
[Round "1"]
[White "Kavon, Rastislav"]
[Black "Druska, Robert"]
[Result "1-0"]
[WhiteElo "2254"]
[BlackElo "1939"]
[PlyCount "45"]
[EventDate "2016.04.16"]
[EventType "swiss"]
[EventRounds "9"]
[EventCountry "SVK"]
[SourceTitle "CBM 172 Extra"]
[Source "ChessBase"]
[SourceDate "2016.06.21"]
[SourceVersion "1"]
[SourceVersionDate "2016.06.21"]
[SourceQuality "1"]

1. e4 e6 2. d4 d5 3. Nc3 Nf6 4. Bg5 dxe4 5. Nxe4 Be7 6. Bxf6 gxf6 7. Nf3 f5 8. Nc3 a6 9. Qe2 b5 10. 0-0-0 b4 11. Na4 Qd5 12. b3 Nd7 13. Qe3 Nf6 14. Ne5 Bb7 15. f3 0-0 16. Nc5 Bc8 17. g4 fxg4 18. Bc4 Qd6 19. Ne4 Nd5 20. Qg1 Qd8 21. Qxg4+ Kh8 22. Rhg1 Bf6 23. Qg8+ 1-0

[Event "SVK-chT2C 1516"]
[Site "Slovakia"]
[Date "2015.12.06"]
[Round "6.4"]
[White "Druska, Robert"]
[Black "Milcova, Zuzana"]
[Result "1-0"]
[WhiteElo "1952"]
[BlackElo "1975"]
[PlyCount "131"]
[EventDate "2015.10.17"]
[EventType "team-tourn"]
[EventRounds "11"]
[EventCountry "SVK"]
[SourceTitle "CBM 169 Extra"]
[Source "ChessBase"]
[SourceDate "2015.12.18"]
[SourceVersion "1"]
[SourceVersionDate "2015.12.18"]
[SourceQuality "1"]
[WhiteTeam "Liptovska Stiavnica"]
[BlackTeam "Dolny Kubin"]
[WhiteTeamCountry "SVK"]
[BlackTeamCountry "SVK"]

1. e4 d5 2. exd5 Nf6 3. d4 Nxd5 4. Nf3 Bg4 5. h3 Bxf3 6. Qxf3 c6 7. c4 Nb6 8. Nc3 Qxd4 9. Be3 Qf6 10. Qg3 e5 11. 0-0-0 N8d7 12. Be2 h6 13. f4 0-0-0 14. fxe5 Qxe5 15. Bf4 Qa5 16. Bc7 Be7 17. Bxd8 Rxd8 18. Rhf1 Bf6 19. Ne4 Be5 20. Qb3 f6 21. Bg4 Kc7 22. Kb1 Nc5 23. Nxc5 Qxc5 24. Rxd8 Kxd8 25. Qd3+ Qd4 26. Qc2 Qxc4 27. Rd1+ Ke8 28. Bh5+ Ke7 29. Qg6 Qg8 30. Qd3 Nd5 31. Qa3+ Bd6 32. Qxa7 Qc8 33. Re1+ Be5 34. Qc5+ Kd8 35. Qf8+ Kc7 36. Qxg7+ Kb6 37. Bg4 Qd8 38. Qxh6 Nc3+ 39. Ka1 Na4 40. Qe3+ Nc5 41. Rd1 Qe8 42. Kb1 Qg6+ 43. Ka1 Qc2 44. Qc1 Qxg2 45. Qd2 Qe4 46. Re1 Qc4 47. Be2 Qa4 48. Bd1 Qh4 49. Bg4 Qg3 50. Rf1 Nd3 51. Rb1 c5 52. Be2 Nb4 53. Qd8+ Kc6 54. Qe8+ Kc7 55. Qf7+ Kb6 56. Qc4 Bd4 57. Rd1 Qe3 58. Bd3 Qxh3 59. a3 Nxd3 60. Rxd3 Qh1+ 61. Ka2 Qe4 62. Rb3+ Kc7 63. Qf7+ Kb8 64. Qd7 Ka7 65. Rb5 Qg2 66. Qd8 1-0

[Event "Oravska Priehrada op"]
[Site "Oravska Priehrada"]
[Date "2015.08.23"]
[Round "7"]
[White "Staffen, Richard"]
[Black "Druska, Robert"]
[Result "1-0"]
[WhiteElo "2008"]
[BlackElo "1938"]
[PlyCount "71"]
[EventDate "2015.08.21"]
[EventType "swiss"]
[EventRounds "7"]
[EventCountry "SVK"]
[SourceTitle "EXT 2016"]
[Source "ChessBase"]
[SourceDate "2015.10.08"]
[SourceVersion "1"]
[SourceVersionDate "2015.10.08"]
[SourceQuality "1"]

1. Nf3 c5 2. c4 Nc6 3. b3 Nf6 4. Bb2 d6 5. e3 e5 6. d3 g6 7. Be2 Bg7 8. 0-0 0-0 9. a3 Qe8 10. Qc2 a6 11. Nbd2 b6 12. Rfe1 h6 13. Rad1 Nh7 14. Ne4 Qe7 15. Ng3 g5 16. h3 f5 17. d4 g4 18. dxe5 gxf3 19. exd6 Qg5 20. Bxf3 Bd7 21. Bxg7 Qxg7 22. Nh5 Qe5 23. Nf4 Ng5 24. Bxc6 Bxc6 25. Ng6 Nxh3+ 26. gxh3 Qg7 27. Kh2 Kh7 28. Nxf8+ Rxf8 29. Rg1 Qe5+ 30. Rg3 h5 31. f4 Qe6 32. Qc3 Rf7 33. Rdg1 Qh6 34. Rg8 Qf6 35. Qxf6 Rxf6 36. d7 1-0

[Event "Oravska Priehrada op"]
[Site "Oravska Priehrada"]
[Date "2015.08.22"]
[Round "3"]
[White "Zborek, Antoni"]
[Black "Druska, Robert"]
[Result "0-1"]
[WhiteElo "1597"]
[BlackElo "1938"]
[PlyCount "145"]
[EventDate "2015.08.21"]
[EventType "swiss"]
[EventRounds "7"]
[EventCountry "SVK"]
[SourceTitle "EXT 2016"]
[Source "ChessBase"]
[SourceDate "2015.10.08"]
[SourceVersion "1"]
[SourceVersionDate "2015.10.08"]
[SourceQuality "1"]

1. d4 f5 2. c4 Nf6 3. Nc3 g6 4. Nf3 Bg7 5. e3 0-0 6. Be2 e6 7. Bd2 d5 8. Qc2 Nbd7 9. Ng5 Qe8 10. Nb5 Nb6 11. Nxc7 Qc6 12. Nxa8 Nxa8 13. 0-0 b5 14. b3 Bb7 15. Rac1 dxc4 16. Bf3 Nd5 17. bxc4 bxc4 18. Rfe1 h6 19. e4 fxe4 20. Nxe4 Nab6 21. Ng3 Qe8 22. Bg4 Nc7 23. Ne4 Bxd4 24. Bxh6 Bxe4 25. Qxe4 Bxf2+ 26. Kh1 Bxe1 27. Rxe1 Rf2 28. h3 Rxa2 29. Qe5 Qf7 30. Bf4 Nbd5 31. Bg3 Ra6 32. Bf3 Rb6 33. Bf2 Rb5 34. Bd4 Qh7 35. Bxd5 Rxd5 36. Qf6 Rf5 37. Qd8+ Rf8 38. Qd6 Re8 39. Be5 Nd5 40. Qc6 Qf7 41. Qxc4 Ne7 42. Bg3 Nf5 43. Be5 Qd7 44. Bh2 Kf7 45. Rf1 Rc8 46. Qg4 Qd3 47. Rd1 Qb5 48. Qe4 a5 49. Rb1 Qc6 50. Qxc6 Rxc6 51. Rb7+ Kf6 52. Ra7 Rc1+ 53. Bg1 Ra1 54. Kh2 a4 55. Bc5 Ke5 56. Bb4 Kd5 57. Bc3 Ra2 58. Bb4 Ne3 59. Kg3 Nxg2 60. Rd7+ Kc4 61. Bd2 Rb2 62. Kxg2 a3 63. Kf3 a2 64. Ra7 Rxd2 65. Ke3 Rh2 66. Kf4 Kb3 67. Kg3 Rh1 68. Kg2 a1Q 69. Rxa1 Rxa1 70. Kf3 Ra4 71. Ke3 Rh4 72. Kf3 Rxh3+ 73. Kg4 0-1

[Event "SVK-ch U18"]
[Site "Tatralandia"]
[Date "2015.04.19"]
[Round "2"]
[White "Koval, Jakub"]
[Black "Druska, Robert"]
[Result "0-1"]
[WhiteElo "1859"]
[BlackElo "2013"]
[PlyCount "82"]
[EventDate "2015.04.18"]
[EventType "swiss"]
[EventRounds "9"]
[EventCountry "SVK"]
[SourceTitle "CBM 166 Extra"]
[Source "ChessBase"]
[SourceDate "2015.06.18"]
[SourceVersion "1"]
[SourceVersionDate "2015.06.18"]
[SourceQuality "1"]

1. e4 c5 2. d4 cxd4 3. c3 d3 4. Nf3 Nc6 5. Bxd3 g6 6. 0-0 Bg7 7. Qe2 d6 8. h3 Nf6 9. Rd1 0-0 10. Na3 Nd7 11. Bb5 Nce5 12. Nxe5 Nxe5 13. f4 Nd7 14. e5 dxe5 15. fxe5 Qb6+ 16. Be3 Qe6 17. Bxd7 Bxd7 18. Bd4 Bc6 19. Nc2 a5 20. Re1 Rfd8 21. b4 Ba4 22. bxa5 Bxc2 23. Qxc2 Rxa5 24. Qe4 Rdd5 25. Rab1 Qc6 26. Rb6 Qc7 27. Reb1 Bxe5 28. Rxb7 Bxd4+ 29. cxd4 Qc4 30. Rxe7 Rxd4 31. Qf3 Rf4 32. Qe2 Qxa2 33. Rb8+ Kg7 34. Rb2 Qd5 35. Rd2 Qf5 36. Rd1 Rc5 37. Qb2+ Kh6 38. Qb8 Rc8 39. Qb7 Qc2 40. Rf1 Qc5+ 41. Kh2 Rxf1 0-1

[Event "SVK-chT2C 1415"]
[Site "Slovakia"]
[Date "2015.03.07"]
[Round "10.8"]
[White "Druska, Robert"]
[Black "Pitek, Lubomir"]
[Result "1-0"]
[WhiteElo "1731"]
[BlackElo "1852"]
[PlyCount "39"]
[EventDate "2014.10.11"]
[EventType "team-tourn"]
[EventRounds "11"]
[EventCountry "SVK"]
[SourceTitle "EXT 2016"]
[Source "ChessBase"]
[SourceDate "2015.10.08"]
[SourceVersion "1"]
[SourceVersionDate "2015.10.08"]
[SourceQuality "1"]
[WhiteTeam "Liptov Chess School III"]
[BlackTeam "Rajecke Teplice"]
[WhiteTeamCountry "SVK"]
[BlackTeamCountry "SVK"]

1. d4 Nf6 2. Nf3 c5 3. d5 d6 4. c4 e6 5. Nc3 g6 6. e4 Bg7 7. Bd3 0-0 8. 0-0 a6 9. h3 exd5 10. exd5 Qc7 11. Bg5 Bd7 12. Qd2 b5 13. Rfe1 bxc4 14. Bxc4 Qb6 15. Bxf6 Bxf6 16. Ne4 Bxb2 17. Qf4 Be5 18. Nxe5 dxe5 19. Qh6 f6 20. d6+ 1-0

[Event "SVK-chT2C 1415"]
[Site "Slovakia"]
[Date "2014.11.08"]
[Round "3.7"]
[White "Druska, Robert"]
[Black "Topolovsky, Vincent"]
[Result "1-0"]
[WhiteElo "1731"]
[BlackElo "1937"]
[PlyCount "61"]
[EventDate "2014.10.11"]
[EventType "team-tourn"]
[EventRounds "11"]
[EventCountry "SVK"]
[SourceTitle "EXT 2016"]
[Source "ChessBase"]
[SourceDate "2015.10.08"]
[SourceVersion "1"]
[SourceVersionDate "2015.10.08"]
[SourceQuality "1"]
[WhiteTeam "Liptov Chess School III"]
[BlackTeam "Banska Bystrica Kurta"]
[WhiteTeamCountry "SVK"]
[BlackTeamCountry "SVK"]

1. e4 e6 2. f4 d5 3. e5 c5 4. d4 b6 5. Nf3 Ba6 6. Bxa6 Nxa6 7. 0-0 Ne7 8. Nc3 Nf5 9. Ne2 h5 10. c3 Qd7 11. Kh1 Be7 12. Qe1 h4 13. Neg1 cxd4 14. Qe2 d3 15. Qxd3 Nc5 16. Qd1 Ne4 17. Nd4 Nh6 18. Nh3 g6 19. Qf3 Nf5 20. Nxf5 gxf5 21. Be3 Qb5 22. Rab1 Qc4 23. a3 Bc5 24. Rfd1 Ke7 25. Nf2 Qb3 26. Nxe4 fxe4 27. Bxc5+ bxc5 28. Qf2 Rac8 29. f5 Rc6 30. fxe6 Rxe6 31. Qxc5+ 1-0

[Event "SVK-ch U16"]
[Site "Lubovna"]
[Date "2013.04.07"]
[Round "2"]
[White "Druska, Robert"]
[Black "Koval, Jakub"]
[Result "1-0"]
[WhiteElo "1746"]
[BlackElo "1372"]
[PlyCount "35"]
[EventDate "2013.04.06"]
[EventType "swiss"]
[EventRounds "9"]
[EventCountry "SVK"]
[SourceTitle "CBM 153 Extra"]
[Source "ChessBase"]
[SourceDate "2013.04.22"]
[SourceVersion "1"]
[SourceVersionDate "2013.04.22"]
[SourceQuality "1"]

1. e4 e5 2. Nf3 Nc6 3. Bc4 Bc5 4. 0-0 Nf6 5. d4 exd4 6. e5 d5 7. exf6 dxc4 8. fxg7 Rg8 9. Bg5 Qd6 10. Nbd2 Bf5 11. Re1+ Kd7 12. Nxc4 Qd5 13. Ne3 Qe4 14. Ng4 Qxg4 15. h3 Bxc2 16. Qxc2 Qh5 17. Qf5+ Kd6 18. Bf4+ 1-0